<?xml version="1.0" encoding="UTF-8"?>
<record
    xmlns:xsi="http://www.w3.org/2001/XMLSchema-instance"
    xsi:schemaLocation="http://www.loc.gov/MARC21/slim http://www.loc.gov/standards/marcxml/schema/MARC21slim.xsd"
    xmlns="http://www.loc.gov/MARC21/slim">

  <leader>01439nam a2200193Ia 4500</leader>
  <datafield tag="952" ind1=" " ind2=" ">
    <subfield code="0">0</subfield>
    <subfield code="1">0</subfield>
    <subfield code="4">0</subfield>
    <subfield code="7">0</subfield>
    <subfield code="a">11</subfield>
    <subfield code="b">11</subfield>
    <subfield code="d">2007-01-08</subfield>
    <subfield code="l">3</subfield>
    <subfield code="o">LB1051 C537</subfield>
    <subfield code="p">11 000054</subfield>
    <subfield code="r">2014-09-15</subfield>
    <subfield code="s">2014-09-12</subfield>
    <subfield code="t">1</subfield>
    <subfield code="w">2012-06-26</subfield>
    <subfield code="y">LB</subfield>
  </datafield>
  <datafield tag="952" ind1=" " ind2=" ">
    <subfield code="0">0</subfield>
    <subfield code="1">0</subfield>
    <subfield code="4">0</subfield>
    <subfield code="7">0</subfield>
    <subfield code="a">11</subfield>
    <subfield code="b">11</subfield>
    <subfield code="d">2009-01-26</subfield>
    <subfield code="l">4</subfield>
    <subfield code="o">LB1051 C537</subfield>
    <subfield code="p">11 007660</subfield>
    <subfield code="r">2014-10-08</subfield>
    <subfield code="s">2014-10-08</subfield>
    <subfield code="t">2</subfield>
    <subfield code="w">2012-06-26</subfield>
    <subfield code="y">LB</subfield>
  </datafield>
  <datafield tag="999" ind1=" " ind2=" ">
    <subfield code="c">68233</subfield>
    <subfield code="d">68233</subfield>
  </datafield>
  <controlfield tag="008">120626s1997    mx            000 0 spa d</controlfield>
  <datafield tag="020" ind1=" " ind2=" ">
    <subfield code="a">9688533416</subfield>
  </datafield>
  <datafield tag="050" ind1=" " ind2=" ">
    <subfield code="a">LB1051 </subfield>
    <subfield code="b">C537</subfield>
  </datafield>
  <datafield tag="100" ind1=" " ind2=" ">
    <subfield code="a">Coll Salvador, Cesar</subfield>
    <subfield code="e">autor</subfield>
  </datafield>
  <datafield tag="245" ind1=" " ind2=" ">
    <subfield code="a">Aprendizaje escolar y construcci&#xF3;n del  conocimiento </subfield>
    <subfield code="c">/ C&#xE9;sar, Coll Salvador.</subfield>
  </datafield>
  <datafield tag="260" ind1=" " ind2=" ">
    <subfield code="a">M&#xE9;xico </subfield>
    <subfield code="b">: Ediciones Paid&#xF3;s </subfield>
    <subfield code="c">, 1997</subfield>
  </datafield>
  <datafield tag="300" ind1=" " ind2=" ">
    <subfield code="a">205 p&#xE1;ginas</subfield>
  </datafield>
  <datafield tag="500" ind1=" " ind2=" ">
    <subfield code="a">Incluye: Indice, Bibliograf&#xED;a</subfield>
  </datafield>
  <datafield tag="505" ind1=" " ind2=" ">
    <subfield code="a">La significaci&#xF3;n psicopedag&#xF3;gica de las actividades espont&#xE1;neas de exploraci&#xF3;n  
Conservaci&#xF3;n y resoluci&#xF3;n de problemas: el valor instrumental de una conducta preoperatoria  
Naturaleza y planificaci&#xF3;n de las actividades en el parvulario  
Algunos problemas planteados por la metodolog&#xED;a observacional: niveles de descripci&#xF3;n e instrumentos de validaci&#xF3;n  
Estructura grupal, interacci&#xF3;n entre alumnos y aprendizaje escolar  
Acci&#xF3;n, interacci&#xF3;n y construcci&#xF3;n del conocimiento en situaciones educativas  
Un marco psicol&#xF3;gico para el curr&#xED;culum escolar  
La construcci&#xF3;n del conocimiento en el marco de las relaciones interpersonales y sus implicaciones para el curr&#xED;culum escolar  
Significado y sentido en el aprendizaje escolar. Reflexiones en torno al concepto de aprendizaje significativo  

</subfield>
  </datafield>
  <datafield tag="519" ind1=" " ind2=" ">
    <subfield code="a"> Material Complementario/  </subfield>
    <subfield code="d">(11 000054)  </subfield>
  </datafield>
  <datafield tag="650" ind1=" " ind2="0">
    <subfield code="a">TEOR&#xCD;A DEL CONOCIMIENTO</subfield>
  </datafield>
  <datafield tag="650" ind1=" " ind2="0">
    <subfield code="a">PSICOLOG&#xCD;A DEL APRENDIZAJE </subfield>
  </datafield>
  <datafield tag="942" ind1=" " ind2=" ">
    <subfield code="c">LB</subfield>
    <subfield code="2">lcc</subfield>
  </datafield>
</record>
